Logo CIB grande

LA BANCA DEL ECUADOR: UNA EXPLICACION HISTORICA (Registro nro. 194640)

Detalles MARC
000 -LEADER
campo de control de longitud fija 00709nam a2200253Ia 4500
003 - IDENTIFICADOR DE NÚMERO DE CONTROL
campo de control EC-GqESP
005 - FECHA Y HORA DE LA ÚLTIMA TRANSACCIÓN
campo de control 20260119110343.0
008 - DATOS DE LONGITUD FIJA--INFORMACIÓN GENERAL
campo de control de longitud fija 250425s9999 xx 000 0 und d
010 ## - NÚMERO DE CONTROL DE LA BIBLIOTECA DEL CONGRESO
Número de control de LC 3204
041 ## - CÓDIGO DE IDIOMA
Código de lengua del texto/banda sonora o título independiente spa
043 ## - CÓDIGO DE ÁREA GEOGRÁFICA
Código de área geográfica ec
082 ## - NÚMERO DE LA CLASIFICACIÓN DECIMAL DEWEY
Número de clasificación 332.1866
100 ## - ENTRADA PRINCIPAL--NOMBRE DE PERSONA
Nombre de persona CANESSA ONETO, MARIO
245 #0 - MENCIÓN DEL TÍTULO
Título LA BANCA DEL ECUADOR: UNA EXPLICACION HISTORICA
250 ## - MENCION DE EDICION
Mención de edición 1A ED.
260 ## - PUBLICACIÓN, DISTRIBUCIÓN, ETC.
Lugar de publicación, distribución, etc. Ecuador
Nombre del editor, distribuidor, etc. ESPOL
Fecha de publicación, distribución, etc. 1999
260 ## - PUBLICACIÓN, DISTRIBUCIÓN, ETC.
Lugar de publicación, distribución, etc. GUAYAQUIL
300 ## - DESCRIPCIÓN FÍSICA
Extensión 77
500 ## - NOTA GENERAL
Nota general Dialogando con los líderes ecuatorianos del siglo XXI; No. 3. Consultar inv. D-24822, D-24823 en BIBTECEN CIBGZ-FIMCP D-30888 PARA ING. MECANICA.- MHP.
650 ## - PUNTO DE ACCESO ADICIONAL DE MATERIA--TÉRMINO DE MATERIA
Término de materia o nombre geográfico como elemento de entrada BANCOS
650 ## - PUNTO DE ACCESO ADICIONAL DE MATERIA--TÉRMINO DE MATERIA
Término de materia o nombre geográfico como elemento de entrada ECUADOR
710 ## - ENTRADA AGREGADA--NOMBRE DE ENTIDAD CORPORATIVA
Nombre de entidad corporativa o nombre de jurisdicción como elemento de entrada ESPOL
942 ## - ELEMENTOS DE ENTRADA SECUNDARIOS (KOHA)
Tipo de ítem Koha Libros
Existencias
Estatus retirado Estado de pérdida Estado de daño No para préstamo Biblioteca de origen Biblioteca actual Fecha de adquisición Coste, precio normal de compra Total de préstamos Código de barras Copia número Ubicación en estantería Nota pública Tipo de ítem Koha
        CENTRO DE INFORMACIÓN BIBLIOTECARIA CENTRO DE INFORMACIÓN BIBLIOTECARIA 20/12/2018 15.00   D-108348 12     Libros
        CENTRO NACIONAL DE INVESTIGACIONES MARINAS CENTRO NACIONAL DE INVESTIGACIONES MARINAS 11/11/2015 15.00   D-81274 10      
        CENTRO NACIONAL DE INVESTIGACIONES MARINAS CENTRO NACIONAL DE INVESTIGACIONES MARINAS 11/11/2015 15.00   D-81275 11      
        ESCUELA DE NEGOCIOS ESCUELA DE NEGOCIOS 12/07/2001 2.00   D-P 01606 13   DONADO  
        ESCUELA DE NEGOCIOS ESCUELA DE NEGOCIOS 12/07/2001 2.00   D-P 01607 14   DONADO  
        ESCUELA DE NEGOCIOS ESCUELA DE NEGOCIOS 12/07/2001 2.00   D-P 01608 15   DONADO  
        FACULTAD DE INGENIERIA MECANICA Y CIENCIAS DE LA PRODUCCION FACULTAD DE INGENIERIA MECANICA Y CIENCIAS DE LA PRODUCCION 11/08/2005 1.00   D-30888 6      

Copyright 2025 ESPOL. Todos los derechos reservados.